000 00600nam a2200241Ia 4500
003 OSt
005 20250426123202.0
008 241129s9999||||xx |||||||||||||| ||und||
020 _a9789351160090
037 _aTB
040 _aSDCL
_beng
_cSDCL
041 _aeng
_2eng
084 _aV2y7N82 Q3 LR
_qSDCL
100 _aKom, Mary
_9729431
245 0 _aUnbreakable: An Autobiography
260 _aGurugram
_bHarper Collins
_c2013
300 _avi,155p.
365 _aINR
_b250
650 _aReference
700 _aSerto, Dina
_9753062
942 _cGB
_2CC
_n0
999 _c1233816
_d1233816